Movies Quiz

Random Movies or Celebrity Quiz

Movie Cast Match (1995) Quiz Stats

 Plays Quiz Updated Aug 9, 2017

Support Sporcle.
Go Orange.
Score 0/40 Timer 08:00
0 Plays Today
% Correct
Toy Story
95.3%
Ace Ventura: When Nature Calls
91.5%
Apollo 13
90.6%
Jumanji
88.9%
Father of the Bride Part II
87.8%
Die Hard: With a Vengeance
86.8%
Clueless
86.2%
Bad Boys
85.3%
Braveheart
85.3%
Se7en
85%
Billy Madison
82.3%
GoldenEye
81.6%
Waterworld
79.3%
Batman Forever
78%
Grumpier Old Men
77.2%
The Bridges of Madison County
74.5%
Desperado
74.4%
Casino
74.1%
Sense and Sensibility
73.8%
Leaving Las Vegas
73.2%
% Correct
The American President
73%
Twelve Monkeys
72.3%
The Usual Suspects
71.9%
Tommy Boy
71.7%
Casper
71.6%
Judge Dredd
69.8%
Babe
69.4%
Showgirls
69%
Get Shorty
66.9%
Canadian Bacon
66.4%
Pocahontas
65.9%
Dangerous Minds
65.1%
Dead Man Walking
65%
The Net
64%
Heat
63.5%
Friday
63%
The Basketball Diaries
60.7%
Johnny Mnemonic
60.2%
Crimson Tide
59.4%
Outbreak
59.3%

You're not logged in!

Compare scores with friends on all Sporcle quizzes.
OR
Log In
Forgot?

From the Vault

Badly Sculpted Mythological Figures

by sufradley

Statues worthy of Zeus himself...or not.
Remove Ads.
Support Sporcle.
Get the best of Sporcle when you Go Orange. This ad-free experience offers more features, more stats, and more fun while also helping to support Sporcle. Thank you for becoming a member.

Show Comments

Extras

Top Quizzes Today


Score Distribution

Your Account Isn't Verified!

In order to create a playlist on Sporcle, you need to verify the email address you used during registration. Go to your Sporcle Settings to finish the process.

Report this User

Report this user for behavior that violates our Community Guidelines.

Details: